000
00336nam a2200133Ia 4500
008
210312s9999||||xx |||||||||||||| ||und||
041
_a
osm
050
_a
PL234
050
_b
K755.A17
100
_a
Kuddusi Ahmed
245
0
_a
Divan-ı Hazret-i Kuddusi
260
_c
1325
650
_a
Edebiyat--Türk edebiyatı--Divan edebiyatı--Şiir
999
_c
22228
_d
22228